| 000 | 00715nam a2200241 i 4500 | ||
|---|---|---|---|
| 001 | bgj | ||
| 100 | 1 |
_aSHAKESPEARE, William _d(1564-1616) |
|
| 245 | 1 | 0 |
_aAs you like it / _cby William Shakespeare ; text edited by Charles Jasper Sisson ; commentary by Esme Church. |
| 260 |
_aNew York : _bDell Publishing, _c1959. |
||
| 300 |
_a192 pp ; _c17 cm. |
||
| 490 | 1 | _aThe Laurel Shakespeare | |
| 650 | 9 | _aFathers and daughters | |
| 650 | 9 | _aExiles | |
| 650 | 9 | _aPastoral drama | |
| 650 | 9 | _aComedies | |
| 700 | 1 |
_aSISSON, Charles Jasper. _eeditor |
|
| 700 | 1 | _aCHURCH, Esme | |
| 830 | _aThe Laurel Shakespeare | ||
| 040 | _cBPK | ||
| 041 | 0 | _aeng | |
| 942 | _cKS | ||
| 008 | s uk f |000 0 eng | ||
| 999 |
_c48825 _d48825 |
||
| 856 |
_uhttp://koha.tu.koszalin.pl/cgi-bin/koha/opac-detail.pl?biblionumber=48825 _yKatalog online BPK |
||